<?xml version="1.0" encoding="UTF-8"?>
<record
    xmlns:xsi="http://www.w3.org/2001/XMLSchema-instance"
    xsi:schemaLocation="http://www.loc.gov/MARC21/slim http://www.loc.gov/standards/marcxml/schema/MARC21slim.xsd"
    xmlns="http://www.loc.gov/MARC21/slim">

  <leader>01392nam a22002537a 4500</leader>
  <controlfield tag="005">20190814115606.0</controlfield>
  <controlfield tag="008">170505b        pe||||| |||| 00| 0 spa d</controlfield>
  <datafield tag="040" ind1=" " ind2=" ">
    <subfield code="a">UTEA</subfield>
  </datafield>
  <datafield tag="041" ind1=" " ind2=" ">
    <subfield code="a">Es</subfield>
  </datafield>
  <datafield tag="044" ind1=" " ind2=" ">
    <subfield code="a">PE</subfield>
  </datafield>
  <datafield tag="082" ind1=" " ind2=" ">
    <subfield code="a">370.15</subfield>
    <subfield code="b">O465</subfield>
  </datafield>
  <datafield tag="100" ind1=" " ind2=" ">
    <subfield code="a">Ol&#xF3;rtegui Miranda, Felipe Valdemar</subfield>
    <subfield code="e">Autor</subfield>
  </datafield>
  <datafield tag="245" ind1=" " ind2=" ">
    <subfield code="a">Problemas de Aprendizaje</subfield>
    <subfield code="c">Felipe Valdemar Ol&#xF3;rtegui Miranda</subfield>
  </datafield>
  <datafield tag="250" ind1=" " ind2=" ">
    <subfield code="a">a edici&#xF3;n</subfield>
  </datafield>
  <datafield tag="260" ind1=" " ind2=" ">
    <subfield code="a">Lima - Per&#xFA;</subfield>
    <subfield code="b">San Marcos</subfield>
    <subfield code="c">1998</subfield>
  </datafield>
  <datafield tag="300" ind1=" " ind2=" ">
    <subfield code="a">310 p&#xE1;ginas.</subfield>
    <subfield code="b">Cuadros, Figuras, Fotos..</subfield>
    <subfield code="c">14 x 20 cm.</subfield>
  </datafield>
  <datafield tag="505" ind1=" " ind2=" ">
    <subfield code="a">Problemas del aprendizaje -- Problemas del aprendizaje de causa emocional -- Alteraciones por causas org&#xE1;nicas -- Los trastornos org&#xE1;nicos y el aprendizaje -- Impedidos F&#xED;sicos e irregulares sociales -- El ni&#xF1;o problema -- Las emociones -- El ni&#xF1;o hospitalizado.</subfield>
  </datafield>
  <datafield tag="520" ind1=" " ind2=" ">
    <subfield code="a">Este libro trata de los problemas del aprendizaje afectan a 1 de cada 10 ni&#xF1;os en edad escolar. Son problemas que pueden ser detectados en los ni&#xF1;os a partir de los 5 a&#xF1;os de edad y constituyen una gran preocupaci&#xF3;n para muchos padres ya que afectan al rendimiento escolar y a las relaciones interpersonales de sus hijos.</subfield>
  </datafield>
  <datafield tag="650" ind1=" " ind2="0">
    <subfield code="a">PROBLEMAS DE APRENDIZAJE</subfield>
    <subfield code="9">5626</subfield>
  </datafield>
  <datafield tag="650" ind1=" " ind2="0">
    <subfield code="a">CAUSAS  EMOCIONALES</subfield>
    <subfield code="9">5701</subfield>
  </datafield>
  <datafield tag="650" ind1=" " ind2="0">
    <subfield code="a">ALTERACIONES ORG&#xC1;NICAS</subfield>
    <subfield code="9">5702</subfield>
  </datafield>
  <datafield tag="653" ind1=" " ind2=" ">
    <subfield code="a">EDUCACI&#xD3;N</subfield>
    <subfield code="a"> APRENDIZAJE</subfield>
    <subfield code="a">CAUSAS ORG&#xC1;NICAS</subfield>
    <subfield code="a">COMPARTAMIENTO</subfield>
  </datafield>
  <datafield tag="942" ind1=" " ind2=" ">
    <subfield code="2">ddc</subfield>
    <subfield code="c">BK</subfield>
    <subfield code="z">Celinda Molina Chirinos</subfield>
  </datafield>
  <datafield tag="952" ind1=" " ind2=" ">
    <subfield code="0">0</subfield>
    <subfield code="1">0</subfield>
    <subfield code="2">ddc</subfield>
    <subfield code="4">0</subfield>
    <subfield code="7">0</subfield>
    <subfield code="8">EPEF2</subfield>
    <subfield code="a">BABA</subfield>
    <subfield code="b">BABA</subfield>
    <subfield code="c">SALA2</subfield>
    <subfield code="e">CP</subfield>
    <subfield code="i">35140735</subfield>
    <subfield code="o">370.15 O46 2000</subfield>
    <subfield code="p">BABA17050037</subfield>
    <subfield code="w">2017-05-05</subfield>
    <subfield code="y">BK</subfield>
    <subfield code="k">05/05/2017</subfield>
  </datafield>
  <datafield tag="999" ind1=" " ind2=" ">
    <subfield code="c">921</subfield>
    <subfield code="d">921</subfield>
  </datafield>
</record>
